Statistics for Geography of Chile

Click here to take the quiz!

General Stats

  • This quiz has been taken 60 times
  • The average score is 13 of 18

Answer Stats

QuestionAnswer% Correct
What is the capital of Chile?Santiago
100%
What Chilean island was first seen by Europeans on Sunday, April 5th, 1722?Easter Island
98%
The strongest of what type of natural disaster ever recorded hit Chile in 1960,
measuring 9.5 on the moment magnitude scale?
Earthquake
96%
In which mountain range is the above located?Andes
91%
What island chain is located on the far south of Chile?Tierra del {Fuego}
91%
What region consists of southern Argentina and southern Chile?Patagonia
89%
What Chilean desert is the driest non-polar desert on Earth?Atacama
84%
What passage allows people to sail between the above and the South American mainland?Strait of {Magellan}
82%
Chile is the number one producer of what battery ingredient?Lithium
82%
What is the southernmost point of mainland American continent?Cape {Horn}
71%
Which city is home to the Chilean National Congress?Valparaíso
69%
What metal does about 60% of the Chilean exports compromise?Copper
64%
What is the indigenous name of the above?Rapa Nui
58%
What is the name of the highest active volcano in the world?
(hint: Spanish word for eyes)
{Ojos} del Salado
53%
What two animals support the coat of arms of Chile? (name either)Huemul | Condor
47%
What is the name of the monolithic human figures of that island?Moai
44%
What is the most populous island of the Juan Fernández Islands?
(hint: named for a Daniel Defoe novel)
Robinson Crusoe
44%
What territory was claimed by Chile in 1940?Chilean {Antarctica}
31%

Score Distribution

Percentile by Number Answered

Percent of People with Each Score

Your Score History

You have not taken this quiz